Michal Milan Harminc 1869-1964 príbeh nestora slovenskej architektúry : [katalóg k výstave

Bibliographic Details
Main Author: Pohaničová, Jana, 1966- (Author, Curator)
Other Authors: Kováč, Matej, 1983- (Photographer)
Format: Book
Language:Slovak
English
PhysicalDescription:16 s., [10] s. fotogr. príl. fotogr. 21 x 21 cm
Published: Bratislava Trio Publishing 2014
ISBN:9788089552993 (brož.)
Subjects:

MARC

LEADER 00000nam a2200000 a 4500
001 vtls010592769
003 SK-MaSNL
005 20260425223819.0
008 160429s2014 xo o g bn 000 0bslo
015 |a SNBA2014/06 
020 |a 9788089552993 (brož.) 
040 |a SNK  |b slo  |c SNK  |e AACR2 
041 0 |a slo  |a eng 
043 |a e-xo--- 
044 |a xo  |c SK 
072 7 |a 72  |x Architektúra  |2 konspekt 
072 7 |a 929  |x Biografie  |2 konspekt 
080 |a 72(437.6)  |2 2001 
080 |a 72.071.1  |2 2001 
080 |a 72:904  |2 2001 
080 |a 69.01/.03  |2 2001 
080 |a 72.021.23  |2 2001 
080 |a (437.6)  |2 2001 
080 |a (083.824)  |2 2001 
100 1 |a Pohaničová, Jana,  |d 1966-  |4 aut  |4 cur  |9 152887 
245 1 0 |a Michal Milan Harminc 1869-1964  |b príbeh nestora slovenskej architektúry : [katalóg k výstave  |c autorka textov a kurátorka výstavy: Jana Pohaničová ; fotografie: Matej Kováč] 
260 |a Bratislava  |b Trio Publishing  |c 2014 
300 |a 16 s., [10] s. fotogr. príl.  |b fotogr.  |c 21 x 21 cm 
500 |a Názov z obalu 
500 |a Spoluvydav. Fakulta architektúry STU 
504 |a Bibliogr. odkazy 
546 |a Čiast. text v angl. 
600 1 7 |a Harminc, Milan Michal,  |d 1869-1964  |2 SNKMA  |9 145607 
648 7 |a 19.-20. stor.  |2 SNKPH  |9 268609 
648 7 |a 19th-20st centuries  |2 SNKPHeng  |9 323032 
650 0 7 |a slovenská architektúra  |2 SNKPH  |9 2967 
650 0 7 |a architekti  |2 SNKPH  |9 2959 
650 0 7 |a architektonické pamiatky  |2 SNKPH  |9 28990 
650 0 7 |a budovy  |2 SNKPH  |9 1283 
650 0 7 |a Models  |2 SNKPHeng  |9 351212 
650 0 7 |a modely  |2 SNKPH  |9 295054 
650 0 7 |a Slovak architecture  |2 SNKPHeng  |9 267156 
650 0 7 |a Architects  |2 SNKPHeng  |9 275799 
650 0 7 |a Architectural monuments  |2 SNKPHeng  |9 279148 
650 0 7 |a Buildings  |2 SNKPHeng  |9 286401 
651 7 |a Slovensko  |2 SNKPH  |9 14231 
651 7 |a Slovakia  |2 SNKPHeng  |9 92630 
655 7 |a biografie  |2 SNKPH  |9 27965 
655 7 |a Biography  |2 SNKPHeng  |9 266314 
655 7 |a katalógy výstav  |2 SNKPH  |9 70445 
655 7 |a Exhibition catalogs  |2 SNKPHeng  |9 266232 
700 1 |a Kováč, Matej,  |d 1983-  |4 pht  |9 259682 
710 2 0 |a Slovenská technická univerzita v Bratislave.  |b Fakulta architektúry  |4 pbl  |9 124533 
919 |a 978-80-89552-99-3 
958 |a NB 
958 |a BX 
999 |c 596296  |d 598226 
952 |a SNK  |b SNK  |y PREZ  |7 0  |p 17A1108683  |o snkOSC 26810  |i snk2014/9852  |8 0  |0 0  |1 0  |4 0  |d 2014-04-23  |l 0  |r 2026-02-23 15:39:28  |w 2026-02-23 
952 |a SNK  |b SNK  |y VYP  |7 0  |p 17A1108684  |o snkOSC 26810 D1  |i snk2014/9853  |8 0  |0 0  |1 0  |4 0  |d 2014-04-23  |l 1  |r 2026-03-24 14:26:41  |s 2026-03-23  |w 2026-02-23